| 000 | 00508nam a2200145 a 4500 | ||
|---|---|---|---|
| 020 | _a1863200363 | ||
| 040 | _cDNAL | ||
| 082 | 0 | 0 | _a634 AUS 1991 A043 Or. |
| 245 | 0 | 0 |
_aAdvances in tropical acacia research : _bproceedings of an international workshop held in Bangkok, Thailand, 11-15 February 1991 / |
| 260 |
_aCanberra, ACT : _bAustralian Centre for International Agricultural Research, _c[1991] |
||
| 300 |
_a234 p. : _bill., maps ; _c24 cm. |
||
| 650 | 0 | _aAcacia | |
| 700 | 1 | _aTurnbull, J. W. | |
| 942 | _cEK | ||
| 999 |
_c12804 _d12804 |
||